LIBRARY & INFORMATION CENTRE, KCAET, TAVANUR

ONLINE PUBLIC ACCESS CATALOGUE (OPAC)

Planning and Producing Instructional Media / (Record no. 3807)

MARC details
000 -LEADER
fixed length control field 00462cam a2200181ua 4500
003 - CONTROL NUMBER IDENTIFIER
control field OSt
008 - FIXED-LENGTH DATA ELEMENTS--GENERAL INFORMATION
fixed length control field 240213b |||||||| |||| 00| 0 eng d
041 ## - LANGUAGE CODE
Language code of text/sound track or separate title eng
082 ## - DEWEY DECIMAL CLASSIFICATION NUMBER
Classification number 371.33
Item number KEM/PL
100 ## - MAIN ENTRY--AUTHOR NAME
Personal name Kemp, Jerold E .
100 ## - MAIN ENTRY--AUTHOR NAME
Personal name Dayton, Deane K
245 ## - TITLE STATEMENT
Title Planning and Producing Instructional Media /
250 ## - EDITION STATEMENT
Edition statement 5 th
260 ## - PUBLICATION, DISTRIBUTION, ETC. (IMPRINT)
Place of publication New York :
Name of publisher Harper and Row Publishers ,
Year of publication 1980.
300 ## - PHYSICAL DESCRIPTION
Number of Pages 292 ; .
700 1# - ADDED ENTRY--PERSONAL NAME
Personal name .
942 ## - ADDED ENTRY ELEMENTS (KOHA)
Koha item type Books
Holdings
Withdrawn status Lost status Damaged status Collection code Home library Current library Shelving location Date acquired Full call number Accession Number Koha item type
      Reference KAUAET KAUAET Reference 27/03/1987 371.33.KEM/PL 16278 Books
free website counter